| 000 | 00950nam a22002532a 4500 | ||
|---|---|---|---|
| 999 |
_c1782 _d1782 |
||
| 001 | 020278842 | ||
| 003 | UkOxU | ||
| 005 | 20230127103913.0 | ||
| 007 | ta | ||
| 008 | 140108e201407uuxxka j |||||||0|f eng|d | ||
| 020 | _a9780753726563 (pbk.) : | ||
| 035 | _a(UK-WkNB)9780753726563 | ||
| 035 | _a(StEdALDL)1/3194792 | ||
| 040 |
_aUK-WkNB _beng _cUK-WkNB _dKH8 |
||
| 049 | _aCROBAR | ||
| 082 | 0 | 4 | _a823.92 BLY |
| 100 | 1 |
_aBlyton, Enid. _eauthor |
|
| 245 | 1 | 0 |
_aMr Pink-Whistle stories / _cEnid Blyton. |
| 260 |
_aLondon : _bBounty Books : _b[distributor] Littlehampton Book Services Ltd : _b[distributor] Alliance Distribution Services Pty Ltd : _b[distributor] Alliance Distribution Services Pty Ltd : _b[distributor] Jonathan Ball Publishers SA, _c2014. |
||
| 300 |
_a192 p. : _bline.ill. ; _c20x13x2 cm. |
||
| 366 |
_b20140707 _cIP 20140706 _jGB _kxxk _mOctopus Publishing Group _2UK-WkNB |
||
| 500 | _aPaperback. B-format paperback. | ||
| 942 |
_2ddc _cNFIC |
||